The Power of Their Ideas : Lessons for America from a Small School in Herlem /

محفوظ في:
التفاصيل البيبلوغرافية
المؤلف الرئيسي: Meier, Deborah (autor)
التنسيق: كتاب
اللغة:الإنجليزية
منشور في: Boston, EUA : Beacon, 1995, c1995
الموضوعات:
الوسوم: إضافة وسم
لا توجد وسوم, كن أول من يضع وسما على هذه التسجيلة!

MARC

LEADER 00000nam^a2200000^a^4500
001 000182216
005 20250521000000.0
009 20260310102000.319
020 |a 0-8070-3110-0 
037 |a Acervo ITESO - Biblioteca 
041 |a ING 
082 |a 372. 104210973  |b MEI 
100 |a Meier, Deborah  |e (autor) 
245 1 4 |a The Power of Their Ideas :  |b Lessons for America from a Small School in Herlem /  |c D. Meier. 
264 4 |a Boston, EUA :  |b Beacon,  |c 1995, c1995 
300 |a 190 p. 
336 |a texto  |b txt  |2 rdacontenido 
337 |a sin mediación  |b n  |2 rdamedio 
338 |a volumen  |b nc  |2 rdasoporte 
649 |a XX 
650 |a Didáctica -  |z EUA 
650 |a Innovación Educativa -  |z EUA 
650 |a Práctica Educativa -  |z EUA 
650 |a Metodología Educativa -  |z EUA 
650 |a Educación Primaria -  |z EUA 
650 |a Administración Educativa -  |z EUA 
650 |a Educación Pública -  |z EUA 
910 |a Fondo General 
920 |a Impresos - Libros 
930 |a Colección General 
905 |a 101 
901 |a 0500122230  |b IT1  |c ACC  |u 20250521 
902 |a https://opac.biblio.iteso.mx/vufind/Record/000182216